00449nam a2200169Ia 4500003000400000008004100004040001600045082001300061100002100074245005900095700001700154260004200171300001000213650002300223650001200246650002100258GCL140319s9999 xx 000 0 eng d aGCL / cGCL04a428bC P1 aCAILLATE, CLAUDE10aLA PRATIQUE COURANTE DE L'ANGLAIS / cCAILLATE, CLAUDE1 aWARD, JUDITH a[S.N] : bLE LIVRE DE POCHE ، c1989 a225 P04aSTUDY AND TEACHING04aGRAMMAR04aENGLISH LANGUAGE